Normal view
MARC view
- Berg, Mark De, Cheong, Otfried, Kreveld, Marc Van
Entry Personal Name
001 - CONTROL NUMBER
- control field: 68475
003 - CONTROL NUMBER IDENTIFIER
- control field: NUST
005 - DATE AND TIME OF LATEST TRANSACTION
- control field: 20210628204043.0
008 - FIXED-LENGTH DATA ELEMENTS
- fixed length control field: 210628|| aca||aabn | a|a d
040 ## - CATALOGING SOURCE
- Original cataloging agency: NUST
- Transcribing agency: NUST
100 ## - HEADING--PERSONAL NAME
- Personal name: Berg, Mark De, Cheong, Otfried, Kreveld, Marc Van
670 ## - SOURCE DATA FOUND
- Source citation: Work cat.: (NUST): Berg, Mark De, Cheong, Otfried, Kreveld, Marc Van, Computational geometry, algorithms and applications, 2008
